Top 100 NHL Goalies in History - Statistics

General Stats
  • This quiz has been taken 178 times
  • The average score is 37 of 100
Answer Stats
Hint Famously played for Answer % Correct
2. New Jersey Devils Martin Brodeur
95%
3. Montreal Canadiens Patrick Roy
94%
6. Buffalo Sabres Dominik Hašek
90%
13. Edmonton Oilers Grant Fuhr
87%
68. Montreal Canadiens Carey Price
79%
45. New York Rangers Henrik Lundqvist
79%
51. Pittsburgh Penguins Marc-André Fleury
79%
15. New York Islanders Billy Smith
76%
5. Montreal Canadiens Ken Dryden
76%
78. Detroit Red Wings Normie Smith
76%
1. Montreal Canadiens Jacques Plante
75%
18. Chicago Blackhawks Ed Belfour
74%
38. Boston Bruins Tim Thomas
74%
14. Chicago Blackhawks Tony Esposito
74%
44. Florida Panthers Roberto Luongo
72%
35. Detroit Red Wings Chris Osgood
70%
66. Nashville Predators Pekka Rinne
70%
30. Toronto Maple Leafs Curtis Joseph
68%
40. Philadelphia Flyers Ron Hextall
67%
26. Anaheim Ducks Jean-Sebastien Giguére
64%
33. Calgary Flames Miikka Kiprusoff
64%
4. Detroit Red Wings Terry Sawchuk
63%
11. Philadelphia Flyers Bernie Parent
59%
7. Chicago Blackhawks Glenn Hall
59%
27. Calgary Flames Mike Vernon
58%
10. Toronto Maple Leafs Johnny Bower
56%
28. Pittsburgh Penguins Tom Barrasso
56%
37. New York Rangers Mike Richter
55%
43. Buffalo Sabres Ryan Miller
55%
48. Washington Capitals Olaf Kolzig
54%
16. Montreal Canadiens Georges Vezina
51%
39. Florida Panthers John Vanbiesbrouck
50%
42. Montreal Canadiens Jose Theodore
50%
50. San Jose Sharks Evgeni Nabokov
49%
8. Toronto Maple Leafs Turk Broda
49%
54. Boston Bruins Andy Moog
47%
32. Carolina Hurricanes Cam Ward
47%
36. Tampa Bay Lightning Nikolai Khabibulin
46%
22. Boston Bruins Gerry Cheevers
43%
62. Edmonton Oilers Bill Ranford
42%
52. Toronto Maple Leafs Félix Potvin
41%
34. Los Angeles Kings Rogie Vachon
41%
76. Minnesota Wild Niklas Bäckstrom
37%
59. Dallas Stars Marty Turco
36%
24. Montreal Canadiens Gump Worsley
35%
65. Phoenix Coyotes Ilya Bryzgalov
35%
58. Philadelphia Flyers Pelle Lindbergh
34%
17. Boston Bruins Tiny Thompson
34%
53. Nashville Predators Tomas Vokoun
34%
31. New York Rangers Ed Giacomin
33%
12. Montreal Canadiens George Hainsworth
33%
55. Chicago Blackhawks Antti Niemi
31%
81. Washington Capitals Jim Carey
31%
91. Los Angeles Kings Kelly Hrudey
29%
93. Montreal Canadiens Jaroslav Halak
27%
9. Montreal Canadiens Bill Durnan
26%
72. New York Islanders Tommy Salo
26%
46. Edmonton Oilers Dwayne Roloson
24%
98. Columbus Blue Jackets Steve Mason
24%
85. Vancouver Canucks Kirk McLean
23%
60. Boston Bruins Pete Peeters
23%
61. St. Louis Blues Mike Liut
22%
79. Carolina Hurricanes Arturs Irbe
21%
100. Atlanta Flames Dan Bouchard
21%
67. St. Louis Blues Roman Turek
21%
63. Phoenix Coyotes Sean Burke
20%
88. New York Islanders Chico Resch
18%
21. Ottawa HC Senators Clint Benedict
18%
23. Boston Bruins Frank Brimsek
18%
29. Detroit Red Wings Harry Lumley
18%
94. New York Islanders Rick DiPietro
18%
70. Anaheim Ducks Jonas Hiller
17%
74. Ottawa Senators Patrick Lalime
17%
69. Philadelphia Flyers Roman Čechmánek
17%
83. Minnesota North Stars Jon Casey
16%
64. Detroit Red Wings Roger Crozier
16%
96. Anaheim Mighty Ducks Guy Hebert
15%
84. Tampa Bay Lightning Darren Puppa
14%
99. Chicago Blackhawks Jeff Hackett
14%
82. Chicago Blackhawks Jocelyn Thibault
14%
95. Minnesota Wild Manny Fernandez
14%
86. Calgary Flames Réjean Lemelin
12%
41. New York Americans Roy Worters
11%
25. Toronto Maple Leafs Lorne Chabot
10%
87. Buffalo Sabres Martin Biron
10%
19. Chicago Black Hawks Charlie Gardiner
9%
71. Montreal Canadiens Charlie Hodge
9%
97. Calgary Flames Trevor Kidd
9%
47. New York Rangers Dave Kerr
8%
89. Ottawa Senators Ron Tugnutt
8%
20. Ottawa HC Senators Alec Connell
7%
49. Chicago Black Hawks Al Rollins
7%
57. New York Rangers Chuck Rayner
7%
90. Buffalo Sabres Don Edwards
7%
75. Montreal Canadiens Gerry McNeil
7%
80. Detroit Red Wings Manny Legace
7%
92. Buffalo Sabres Bob Sauvé
6%
77. Detroit Red Wings Johnny Mowers
4%
56. Detroit Red Wings John Roach
4%
73. Gilles Villemure Gilles Vilemure
0%
No matching quizzes found
Score Distribution
Percent of People with Each Score
Percentile by Number Answered
Your Score History
You have not taken this quiz